000 00351nam a22001337a 4500
008 230605b xxu||||| |||| 00| 0 eng d
020 _a9789241650472
082 _a323
_bWHO
100 _cWorld Health Organization
245 _aBasic Documents
_bForty-seventh Edition
260 _aSwitzerland
_bWHO Press
_c2009
300 _a190 pages
942 _2ddc
_cBK
999 _c244
_d244